000 00766nam a2200241Ia 4500
003 GCL
008 140319s9999 xx 000 0 ara d
040 _aGCL /
_cGCL
082 0 4 _a214
_bا خ
100 1 _aاحمد شوقى الفنجرى
245 1 0 _aالختان فى الطب وفى الدين وفى القانون /
_cاحمد شوقى الفنجرى
300 _a95 ص
490 _a
650 0 4 _aالاسلام
650 0 4 _aالعادات والتقاليد
650 0 4 _aالاسلام والمجتمع
650 0 4 _aالاحكام الشرعية
650 0 4 _aالامراض التناسلية
650 0 4 _aالصحة الجنسية
650 0 4 _aالختان
650 0 4 _aالمرأة - رعاية اجتماعية
942 _2ddc
_cBK
999 _c37898
_d37898